Normal view
MARC view
Entry Topical Term
001 - CONTROL NUMBER
- control field: 1485
003 - CONTROL NUMBER IDENTIFIER
- control field: BD-RjUL
005 - DATE AND TIME OF LATEST TRANSACTION
- control field: 20220220105710.0
008 - FIXED-LENGTH DATA ELEMENTS
- fixed length control field: 220220|| aca||aabn | a|a d
040 ## - CATALOGING SOURCE
- Original cataloging agency: BD-RjUL
- Transcribing agency: BD-RjUL
150 ## - HEADING--TOPICAL TERM
- Topical term or geographic name entry element: Family Development
- Form subdivision: Structure
- General subdivision: Communities
670 ## - SOURCE DATA FOUND
- Source citation: Work cat.: (BD-RjUL)79425: Alam, Md. Shah 1484, Role of Family Development Programin Selected Slums in Dhaka City /, 2004